000
00477nam a2200181Ia 4500
008
090123s9999 xx 000 0 und d
082
_b
40615
100
_a
मोरे महादेव
245
_a
झळा
250
_a
0
260
_b
अभिनंदन प्रकाशन
_c
2006
300
_a
288
600
_a
मोरे महादेव
630
_a
झळा
700
_a
मोरे महादेव
730
_a
झळा
942
_c
BOOK
999
_c
78689
_d
78689